The preacher's complete homiletic commentary; vol. 1. (Record no. 594)

000 -LEADER
fixed length control field 00577nam a2200181 a 4500
001 - CONTROL NUMBER
control field :::00013750$&:&@@
003 - CONTROL NUMBER IDENTIFIER
control field OkBaRHE
005 - DATE AND TIME OF LATEST TRANSACTION
control field 20100324133705.0
008 - FIXED-LENGTH DATA ELEMENTS--GENERAL INFORMATION
fixed length control field s1986 j 000 0 eng u
040 ## - CATALOGING SOURCE
Transcribing agency
100 1# - MAIN ENTRY--PERSONAL NAME
Personal name Exell, Joseph S. and Leale, Thomas H.
245 14 - TITLE STATEMENT
Title The preacher's complete homiletic commentary; vol. 1.
260 ## - PUBLICATION, DISTRIBUTION, ETC. (IMPRINT)
Place of publication, distribution, etc Grand Rapids, MI., :
Name of publisher, distributor, etc Baker Book House
Date of publication, distribution, etc 1986
300 ## - PHYSICAL DESCRIPTION
Extent v. (1-31)
650 ## - SUBJECT ADDED ENTRY--TOPICAL TERM
Topical term or geographic name as entry element Bible
General subdivision Commentaries
942 ## - ADDED ENTRY ELEMENTS (KOHA)
Source of classification or shelving scheme
Koha item type Books
Copies
Collection code Not for loan Lost status Permanent Location Damaged status Withdrawn status Koha item type Date last seen Barcode Price effective from Shelving location Copy number Source of classification or shelving scheme Full call number Date acquired
Reference  RHEMA Bible Training College  Books2010-04-14137502010-04-14General Stacks1 BS 491 .E12010-04-14